000 00774nam a2200289Ia 4500
005 20260324143833.0
008 008 260324s9999 xx 000 0 eng d
020 _a9780429077555
037 _aEBOOK
040 _aCRL
040 _beng
040 _cCRL
041 _2eng
041 _aeng
084 _qCRL
100 _aP. Howsam
_91217111
245 0 _aWater Wells - Monitoring, Maintenance, Rehabilitation
245 0 _bProceedings of the International Groundwater Engineering Conference, Cranfield Institute of Technology, UK
260 _bTaylor and Francis
260 _c1990
365 _a
365 _b720
856 _uhttp://www.taylorfrancis.com/books/9780429077555
942 _cEBOOK
999 _c1822974
_d1822974